乃木坂46のアンダー楽曲の歴代センター(41枚目まで) - Statistics

General Stats
  • This quiz has been taken 42 times
    16 since last reset
  • The average score is 20 of 32
Answer Stats
表題番号 答える % Correct
30th 1期生 和田まあや
90%
37th 5期生 冨里奈央
90%
40th 5期生 五百城茉央
90%
41st 5期生 岡本姫奈
90%
16th,23rd,28th,アンダーアルバム 2期生 寺田蘭世
80%
24th 3期生 岩本蓮加
80%
27th 2期生 山崎怜奈
80%
29th 3期生 佐藤楓
80%
31st 3期生 中村麗乃
80%
32nd 4期生 林瑠奈
80%
34th 5期生 中西アルノ
80%
35th 4期生 筒井あやめ
80%
36th 5期生 奥田いろは
80%
38th 4期生 柴田柚菜
80%
12th,13th 2期生 堀未央奈
70%
18th,22nd 2期生 北野日奈子
70%
6th 1期生 齋藤飛鳥
70%
26th 3期生 阪口珠美
70%
32nd 3期生 伊藤理々杏
70%
33rd 4期生 松尾美佑
70%
39th 4期生 金川紗耶
70%
11th,13rd,14th,18th 1期生 中元日芽香
60%
20th,アンダーアルバム 2期生 鈴木絢音
60%
15th,19th,2ndアルバム,アンダーアルバム 1期生 樋口日奈
40%
4th,21st 1期生 中田花奈
40%
17th,3rdアルバム 2期生 渡辺みり愛
40%
2nd,8th,9th 1期生 伊藤万理華
30%
1st 1期生 畠中清羅
30%
10th,1stアルバム 1期生 井上小百合
20%
3rd 1期生 伊藤寧々
20%
5th 1期生 斉藤優里
20%
7th 1期生 星野みなみ
20%
No matching quizzes found
Score Distribution
Percent of People with Each Score
Percentile by Number Answered
Your Score History
You have not taken this quiz since the last reset